| 000 | 00918cam a2200241 4500 | ||
|---|---|---|---|
| 001 | WB3912-04 | ||
| 008 | 030327n2003 000 0 eng u | ||
| 035 | _a(Sirsi) u121769 | ||
| 245 | _aDangers of confined spaces | ||
| 260 | _c2003 | ||
| 490 |
_aHSE News Release _v(E048:03) 26 March 2003 (2) |
||
| 520 | _aThe Health and Safety Executive (HSE) has reminded employers of the dangers of confined spaces, following four deaths in four weeks. The incidents involved an oxygen deficient atmosphere and the use of a highly flammable liquid. http://www.gnn.gov.uk/gnn/national.nsf/Daily+News/75C754D03D6F5A8F80256CF50046EC50?opendocument | ||
| 590 | _aWB | ||
| 650 | _aHSE | ||
| 650 | _aFATAL ACCIDENTS | ||
| 650 | _aACCIDENTS AT WORK | ||
| 650 | _aCONFINED SPACES | ||
| 650 | _aEMPLOYERS | ||
| 650 | _aGUIDANCE | ||
| 650 | _aCONFINED SPACES REGULATIONS 1997 | ||
| 690 | _aBUILT ENVIRONMENT | ||
| 942 | _n0 | ||
| 999 |
_c72370 _d72370 |
||